Alexander Holley and the makers of steel
Tallennettuna:
| Päätekijä: | |
|---|---|
| Aineistotyyppi: | Kirja |
| Kieli: | Undetermined |
| Julkaistu: |
Baltimore
The Johns Hopkins University Press
1980
|
| Aiheet: | |
| Tagit: |
Lisää tagi
Ei tageja, Lisää ensimmäinen tagi!
|
| Thư viện lưu trữ: | Trung tâm Học liệu Trường Đại học Cần Thơ |
|---|
| LEADER | 00523nam a2200193Ia 4500 | ||
|---|---|---|---|
| 001 | CTU_85853 | ||
| 008 | 210402s9999 xx 000 0 und d | ||
| 082 | |a 338.4 | ||
| 082 | |b M892 | ||
| 100 | |a McHugh, Jeanne | ||
| 245 | 0 | |a Alexander Holley and the makers of steel | |
| 245 | 0 | |c Jeanne McHugh | |
| 260 | |a Baltimore | ||
| 260 | |b The Johns Hopkins University Press | ||
| 260 | |c 1980 | ||
| 650 | |a Businessman | ||
| 650 | |z United states | ||
| 904 | |i Năm | ||
| 980 | |a Trung tâm Học liệu Trường Đại học Cần Thơ | ||